000 00924nam a22002537a 4500
999 _c64887
_d64887
005 20240530110756.0
008 190103s2018 ua g b 000 0 ara d
017 _a2017/22828
_bمصر. دار الكتب
020 _a9789777801140
040 _aEG-CaGPL
_cEG-CaGPL
082 0 4 _221
_a415.1/
_bف ن
100 0 _aفضل يوسف زيد
245 1 2 _aالنعت ووظائفة التركيبية والدلالية فى شعر امل دنقل /
_cفضل يوسف زيد
250 _aط.1
260 _aالقاهرة :
_bعالم الكتب،
_c2018.
300 _a280 ص. ؛
_c24 سم.
504 _aيشتمل على ارجاعات ببليوجرافية
650 0 7 _2qrmak
_aاللغة العربية
_xالنحو
650 0 7 _2qrmak
_aاللغة العربية
651 _2qrmak
653 0 _aاللغة العربية - النعت
942 _2ddc
_cBK